Comic persuasion : moral structure in British comedy from Shakespeare to Stoppard /

Bibliographic Details
Main Author: Rayner, Alice
Format: Book
Language:English
Published: Berkeley : University of California Press, [1987]
Subjects:

MARC

Tag First Indicator Second Indicator Subfields
LEADER 00000cam a22000008a 4500
001 in00000008083
005 20151002070132.0
008 861125s1987 cau b s00110 eng
010 |a  86028281  
020 |a 0520059174 (alk. paper) 
035 |a (OCoLC)14964429 
035 |9 AAA0438AM 
040 |a DLC  |c DLC  |d m/c  |d TXA  |d UtOrBLW 
043 |a e-uk--- 
050 0 0 |a PR631  |b .R39 1987 
082 0 |a 822/.0523/09353  |2 19 
100 1 |a Rayner, Alice. 
245 1 0 |a Comic persuasion :  |b moral structure in British comedy from Shakespeare to Stoppard /  |c Alice Rayner. 
263 |a 8801 
264 1 |a Berkeley :  |b University of California Press,  |c [1987] 
264 4 |c ©1987 
300 |a ix, 169 pages :  |b illustrations 
336 |a text  |b txt  |2 rdacontent 
337 |a unmediated  |b n  |2 rdamedia 
338 |a volume  |b nc  |2 rdacarrier 
504 |a Includes bibliographies and index. 
650 0 |a English drama (Comedy)  |x History and criticism. 
650 0 |a Literature and morals  |z Great Britain. 
650 0 |a Utopias in literature  |z Great Britain. 
999 |a MARS 
999 f f |s d2c5bd1d-5bf2-37e9-95ae-206b5735e2af  |i 47af60de-5dae-3e41-ad85-137816b82d97  |t 0 
952 f f |p ric  |a Texas A&M University  |b Rellis Campus  |c Joint Library Facility  |d Remote Storage  |t 0  |e PR631 .R39 1987  |h Library of Congress classification  |i unmediated -- volume  |m A14812579119 
998 f f |a PR631 .R39 1987  |t 0  |l Remote Storage